| 000 | 01850nam a2200241Ia 4500 | ||
|---|---|---|---|
| 003 | Ost | ||
| 005 | 20260507075559.0 | ||
| 008 | 260507s9999||||xx |||||||||||||| ||und|| | ||
| 020 | _a9957021818 | ||
| 040 | _cfsecg | ||
| 041 | _aara | ||
| 082 | _a330 | ||
| 100 |
_aالنعيمي، سالم قاسم _eمؤلف |
||
| 245 | 0 |
_aالترشيد الفعلي الانفاق الاستثماري باسلوب جيرت / _c سالم قاسم النعيمي |
|
| 260 |
_aعمان: _bدار مجدلاوي للنشر والتوزيع, _c2005 |
||
| 300 |
_a303 صفحة؛ _bإيضاحات ؛ _c24 سم |
||
| 504 | _aمراجع ص.297 | ||
| 520 | _aالانفاق الاستثماري في المشروعات الصناعية و دور نظام المعلومات المحاسبية في ترشيده, الاطار الفكري لعملية ترشيد الانفاق الاستثماري اضافة الى اثر المخاطرة على ترشيد نفقات الاستثمارات الراسمالية, طبيعة بحوث العمليات و اهميتها و منهجيتها, شبكة الاعمال (مدخل كمي لترشيد قرارات الانفاق الاستثماري, اسلوب جيرت اداة الادارة الفعالة لترشيد قرارات الانفاق الاشتثماري , موقف و اهمية الاستثمار في شركة النصر للغزل و النسيج و التريكو, استخدام شبكات الاعمال - بيرت- لترشيد موارد الاستثمارات الانتاجية للشركة و في الاخير نموذج مقترح لشبكة اعمال -جيرت - يمكن تطبيقه على الشركة : موضع الدراسة التطبيقية. | ||
| 653 | _aالاستثمار | ||
| 653 | _aالانفاق | ||
| 653 | _aالانفاق الاستثماري | ||
| 942 | _cكتاب | ||
| 999 |
_c44993 _d44993 |
||